| 000 | 00477nam a22001935i 4500 | ||
|---|---|---|---|
| 999 |
_c10517 _d10517 |
||
| 003 | OSt | ||
| 005 | 20220330132846.0 | ||
| 008 | 160520s2016 ctu 000 0 eng | ||
| 010 | _a 2016942285 | ||
| 020 | _a9781945150081 (soft cover) | ||
| 040 |
_aDLC _beng _erda _cDLC |
||
| 042 | _apcc | ||
| 082 | _a729.0973 | ||
| 245 | 0 | 0 |
_aAgainst the grain / _c[edited by] Jackie Kow, Nina Rappaport. |
| 250 | _a1st edition. | ||
| 263 | _a1608 | ||
| 300 | _apages cm | ||
| 942 | _2ddc | ||